| 000 | 00712nam a2200289Ia 4500 | ||
|---|---|---|---|
| 005 | 20260324134433.0 | ||
| 008 | 008 260324s9999 xx 000 0 eng d | ||
| 020 | _a9781351307321 | ||
| 037 | _aEBOOK | ||
| 040 | _aCRL | ||
| 040 | _beng | ||
| 040 | _cCRL | ||
| 041 | _2eng | ||
| 041 | _aeng | ||
| 084 | _qCRL | ||
| 100 |
_aS. Chandrasekhar _91172197 |
||
| 245 | 0 | _aReproductive Physiology and Birth Control | |
| 245 | 4 | _bThe Writings of Charles Knowlton and Annie Besant | |
| 260 | _bTaylor and Francis | ||
| 260 | _c2002 | ||
| 365 | _a | ||
| 365 | _b145 | ||
| 856 | _uhttp://www.taylorfrancis.com/books/9781351307321 | ||
| 942 | _cEBOOK | ||
| 999 |
_c1796916 _d1796916 |
||